• 首页
  • 本馆介绍
  • 公告通知
  • 最新文献
  • 馆藏检索
  • 电子资源
  • 读者导购
  • 参考咨询
  • 我的图书馆
  • 登录
  • 详细信息显示
  • 放入我的书架
  • 预约/预借图书
  • 作者相关作品
  • 分类相关作品
  • 丛书相关作品
  • 出版社相关作品

书目信息

  • 表格格式
  • 工作单格式
  • 卡片格式
题名:
漫游京沪高速铁路
    
 
作者: ;京沪高速铁路股份公司 编著
分册:  
出版信息: 北京   中国铁道出版社  2012.09
页数: 446页
开本: 26cm
丛书名:
单 册:
中图分类: F532.7
科图分类:
主题词: 高速铁路--铁路线路--概况--中国 , 高速铁路 , 铁路线路
电子资源:
ISBN: 978-7-113-15211-6
000 00904nam0 2200253 450
001 005735544
005 20140609081814.95
010    @a978-7-113-15211-6@b精装@dCNY138.00
100    @a20121206d2012 em y0chiy50 ea
101 0  @achi
102    @aCN@b110000
105    @aaf z 000yy
106    @ar
200 1  @a漫游京沪高速铁路@9man you jing hu gao su tie lu@f京沪高速铁路股份有限公司编著
210    @a北京@c中国铁道出版社@d2012.09
215    @a446页@c图,照片,折图@d26cm
330    @a本书重点介绍京沪高速铁路车站的布局、建筑特色和高水平、高质量的服务,撷取京沪铁路沿线车站所在城市的“吃、住、行、游、购、娱”一部分内容,作简要描述。
606 0  @a高速铁路@x铁路线路@x概况@y中国
606 0  @a高速铁路
606 0  @a铁路线路
690    @aF532.7@v5
711 02 @a京沪高速铁路股份公司@9jing hu gao su tie lu gu fen gong si@4编著
801  0 @aCN@bNLC@c20121206
905    @b548056-58@dF532.7@e7@f3
    
    漫游京沪高速铁路/京沪高速铁路股份有限公司编著.-北京:中国铁道出版社,2012.09
    446页:图,照片,折图;26cm
    
    
    ISBN 978-7-113-15211-6(精装):CNY138.00
    本书重点介绍京沪高速铁路车站的布局、建筑特色和高水平、高质量的服务,撷取京沪铁路沿线车站所在城市的“吃、住、行、游、购、娱”一部分内容,作简要描述。
●
相关链接 在E读中查询图书 在五车中查询图书 在当当中查询图书 在豆瓣中查询图书


正题名:漫游京沪高速铁路     索取号:F532.7/7         预约/预借

序号 登录号 条形码 馆藏地/架位号 状态 备注
1 548056   205480567   第一样本阅览室/ [索取号:F532.7/7] 在馆    
2 548057   205480576   第一借阅区/ [索取号:F532.7/7] 在馆    
3 548058   205480585   第一借阅区/ [索取号:F532.7/7] 在馆    
唐山师范学院图书馆 欢迎您!
大连网信软件有限公司© 版权所有